Regulácia bánk a ekonomický cyklus dizertačná práca

Na minha lista:
Detalhes bibliográficos
Autor principal: Majcher, Peter
Autor Corporativo: Národohospodárska fakulta EU. Katedra bankovníctva a medzinárodných financií
Outros Autores: Makúch, Jozef, 1953-
Formato: Livro
Idioma:eslovaco
Publicado em: Bratislava 2016
Assuntos:
Tags: Adicionar Tag
Sem tags, seja o primeiro a adicionar uma tag!

MARC

LEADER 00000nbm a2200000 4500
001 0225971
005 20230302104438.5
041 0 |a slo 
044 |a SK 
245 1 0 |a Regulácia bánk a ekonomický cyklus  |b dizertačná práca  |c Peter Majcher ; školiteľ: Jozef Makúch 
264 1 |a Bratislava  |c 2016 
300 |a 137 s. 
610 2 0 |a banky 
610 2 0 |a regulácia 
610 2 0 |a cykly hospodárske 
610 2 0 |a aktíva finančné 
100 1 |a Majcher, Peter 
700 1 |a Makúch, Jozef, 1953- 
710 2 |a Národohospodárska fakulta EU. Katedra bankovníctva a medzinárodných financií